[Event "Guernsey Holiday 2011"]
[Site "Guernsey, Channel Islands"]
[Date "2011.10.22"]
[Round "7"]
[White "Savident, David B"]
[Black "Wood, Peter C"]
[Result "0-1"]
[WhiteElo "1590"]
[BlackElo "1728"]
[PlyCount "98"]
[EventDate "2011.10.16"]
[EventType "swiss"]
[EventRounds "7"]
[SourceDate "2011.11.16"]

1. e4 e6 2. b3 d5 3. Bb2 dxe4 4. Nc3 Nf6 5. Qe2 Nbd7 6. O-O-O Be7 7. d3 exd3 8.
Qxd3 O-O 9. Nf3 b6 10. Nd4 Bb7 11. Qh3 c5 12. Ndb5 Qb8 13. Bd3 Qf4+ 14. Kb1
Rfd8 15. f3 a6 16. Ne2 Qb8 17. Nbc3 Ne5 18. Nc1 Nxd3 19. Nxd3 Qc7 20. Rhe1 c4
21. Nf2 Rxd1+ 22. Rxd1 cxb3 23. cxb3 Rd8 24. Rc1 Qf4 25. Qg3 Qxg3 26. hxg3 Rd2
27. Nce4 Nxe4 28. Nxe4 Bxe4+ 29. fxe4 h6 30. Rc8+ Kh7 31. Rc7 Bf6 32. Bxf6 gxf6
33. Rxf7+ Kg6 34. Re7 e5 35. Re6 Rxg2 36. Rxb6 Rxg3 37. Rxa6 h5 38. b4 h4 39.
b5 h3 40. Ra8 Rg1+ 41. Kc2 h2 42. Rh8 h1=Q 43. Rxh1 Rxh1 44. b6 f5 45. a4 Rh8
46. a5 Rb8 47. exf5+ Kxf5 48. Kd3 e4+ 49. Kd4 e3 0-1

[Event "Guernsey Holiday 2011"]
[Site "Guernsey, Channel Islands"]
[Date "2011.10.22"]
[Round "7"]
[White "Jongerius, Marc"]
[Black "Finch, Russell"]
[Result "1/2-1/2"]
[WhiteElo "1643"]
[BlackElo "1700"]
[PlyCount "63"]
[EventDate "2011.10.16"]
[EventType "swiss"]
[EventRounds "7"]
[SourceDate "2011.11.16"]

1. e4 c5 2. Nf3 d6 3. c3 Nc6 4. d4 Qa5 5. Bd2 Nf6 6. b4 cxb4 7. cxb4 Qb6 8. Bd3
Nxd4 9. Nxd4 Qxd4 10. Bc3 Qb6 11. O-O Bd7 12. Nd2 Bb5 13. Bd4 Qxd4 14. Bxb5+
Nd7 15. Qc2 Qb6 16. Rac1 Kd8 17. Rfd1 e6 18. a4 Ne5 19. Nc4 Nxc4 20. Qxc4 a6
21. Bxa6 bxa6 22. a5 Qb7 23. Qd4 Kd7 24. Rc2 e5 25. Qxe5 Rc8 26. Qf5+ Kd8 27.
Rxc8+ Qxc8 28. Qxf7 Qc3 29. Qb7 Qc4 30. Qb6+ Kd7 31. Qb7+ Ke6 32. h3 1/2-1/2

[Event "Guernsey Holiday 2011"]
[Site "Guernsey, Channel Islands"]
[Date "2011.10.22"]
[Round "7"]
[White "Foster, Paul"]
[Black "Harnden, Terry"]
[Result "1/2-1/2"]
[WhiteElo "1720"]
[BlackElo "1423"]
[PlyCount "28"]
[EventDate "2011.10.16"]
[EventType "swiss"]
[EventRounds "7"]
[SourceDate "2011.11.16"]

1. e4 c5 2. Nc3 d6 3. f4 Nf6 4. Nf3 g6 5. Bb5+ Bd7 6. Bc4 e6 7. O-O Bg7 8. Be2
O-O 9. d3 a6 10. Qe1 Nc6 11. h3 Nd4 12. Bd1 Nxf3+ 13. Bxf3 Bc6 14. Ne2 Rb8
1/2-1/2

[Event "Guernsey Holiday 2011"]
[Site "Guernsey, Channel Islands"]
[Date "2011.10.22"]
[Round "7"]
[White "Baart, Edwin R"]
[Black "Nalichowski, Bogdan"]
[Result "1-0"]
[WhiteElo "1687"]
[BlackElo "1626"]
[PlyCount "67"]
[EventDate "2011.10.16"]
[EventType "swiss"]
[EventRounds "7"]
[SourceDate "2011.11.16"]

1. d4 d5 2. c4 Nf6 3. Nc3 Nc6 4. Nf3 Bg4 5. e3 e6 6. Be2 Bb4 7. Bd2 O-O 8. Rc1
h6 9. O-O b6 10. cxd5 Bxc3 11. Rxc3 Qxd5 12. h3 Bh5 13. a3 Ne4 14. Rc1 a5 15.
Qc2 Nxd2 16. Qxd2 f6 17. Qc2 Be8 18. Nd2 Nxd4 19. exd4 Qxd4 20. Nf3 Qf4 21.
Qxc7 e5 22. Rfd1 Bh5 23. Rc4 Qf5 24. Nh4 Qe6 25. Rc6 Qe8 26. Rd7 Bf7 27. Bh5 e4
28. Bxf7+ Rxf7 29. Rxf7 Qxf7 30. Qxf7+ Kxf7 31. Rxb6 g5 32. Nf5 Kg6 33. g4 Re8
34. Rb7 1-0

[Event "Guernsey Holiday 2011"]
[Site "Guernsey, Channel Islands"]
[Date "2011.10.22"]
[Round "7"]
[White "Bateman, Kerry"]
[Black "Dokter, Marike"]
[Result "0-1"]
[WhiteElo "1525"]
[BlackElo "1570"]
[PlyCount "50"]
[EventDate "2011.10.16"]
[EventType "swiss"]
[EventRounds "7"]
[SourceDate "2011.11.16"]

1. e4 e5 2. Nf3 Nc6 3. Bc4 Nf6 4. d4 Nxe4 5. dxe5 Ne7 6. Ng5 Nxg5 7. Bxg5 d6 8.
O-O Bf5 9. g4 Be6 10. Qe2 Qd7 11. Bxe6 Qxe6 12. f4 O-O-O 13. Nc3 dxe5 14. Na4
f6 15. Bh4 Nc6 16. h3 a6 17. Qf2 Qc4 18. b3 Qxf4 19. Qxf4 exf4 20. Bxf6 gxf6
21. Rxf4 Rd2 22. Nc3 Rxc2 23. Ne4 Bh6 24. Rxf6 Be3+ 25. Kh1 Bd4 0-1

[Event "Guernsey Holiday 2011"]
[Site "Guernsey, Channel Islands"]
[Date "2011.10.22"]
[Round "7"]
[White "Kershaw, Graham J"]
[Black "Newrick, William"]
[Result "1-0"]
[WhiteElo "1760"]
[BlackElo "1389"]
[PlyCount "57"]
[EventDate "2011.10.16"]
[EventType "swiss"]
[EventRounds "7"]
[SourceDate "2011.11.16"]

1. e4 c5 2. Nf3 Nc6 3. d4 cxd4 4. Nxd4 d6 5. c4 Nxd4 6. Qxd4 e5 7. Qd1 Nf6 8.
Nc3 Be7 9. Bd3 O-O 10. O-O Bg4 11. Be2 Be6 12. Be3 Qd7 13. b3 a6 14. a4 Bd8 15.
f4 Bg4 16. f5 Bxe2 17. Qxe2 Ba5 18. Rac1 Bxc3 19. Rxc3 Nxe4 20. Rd3 Qc6 21. Qg4
Nc5 22. Bh6 g6 23. Rh3 Ne4 24. fxg6 Qc5+ 25. Kh1 fxg6 26. Qe6+ Kh8 27. Bxf8
Nf2+ 28. Rxf2 Qxf2 29. Rxh7+ 1-0

[Event "Guernsey Holiday 2011"]
[Site "Guernsey, Channel Islands"]
[Date "2011.10.22"]
[Round "7"]
[White "Errington, Paul"]
[Black "Cox, Reginald E"]
[Result "1-0"]
[WhiteElo "1752"]
[BlackElo "1312"]
[PlyCount "79"]
[EventDate "2011.10.16"]
[EventType "swiss"]
[EventRounds "7"]
[SourceDate "2011.11.16"]

1. d4 Nf6 2. Nf3 e6 3. e3 Nc6 4. Be2 Be7 5. c4 d5 6. b3 dxc4 7. bxc4 Bb4+ 8.
Bd2 Bxd2+ 9. Nbxd2 O-O 10. O-O h6 11. Qb3 Na5 12. Qc3 c6 13. Rfd1 b6 14. Ne5
Nd7 15. Nb3 Nxb3 16. axb3 Nxe5 17. dxe5 Qc7 18. Rd6 Rd8 19. Qd4 Rxd6 20. exd6
Qd7 21. e4 c5 22. Qd3 Bb7 23. f4 f6 24. e5 f5 25. Bf3 Bxf3 26. Qxf3 Rd8 27. h3
Rc8 28. Rd1 Rd8 29. g4 g6 30. Rd2 Kh7 31. gxf5 gxf5 32. Rg2 Rg8 33. Rxg8 Kxg8
34. Qa8+ Kh7 35. Qf8 Kg6 36. Qf6+ Kh5 37. Qe7 Qc6 38. Qxe6 Qf3 39. Qxf5+ Kh4
40. Qg4+ 1-0

[Event "Guernsey Holiday 2011"]
[Site "Guernsey, Channel Islands"]
[Date "2011.10.22"]
[Round "7"]
[White "Kok, Franciscus"]
[Black "Williams, Peter D"]
[Result "0-1"]
[WhiteElo "1583"]
[BlackElo "1704"]
[PlyCount "140"]
[EventDate "2011.10.16"]
[EventType "swiss"]
[EventRounds "7"]
[SourceDate "2011.11.16"]

1. d4 Nf6 2. c4 g6 3. Nc3 d5 4. e3 Bg7 5. cxd5 Nxd5 6. Bc4 Nb6 7. Bb3 O-O 8.
Nge2 N8d7 9. Na4 Nxa4 10. Bxa4 Nb6 11. Bb3 e6 12. O-O Bd7 13. Bc2 Bc6 14. Ng3
e5 15. dxe5 Bxe5 16. f4 Qxd1 17. Rxd1 Bg7 18. Rb1 Rad8 19. b3 Rfe8 20. Rxd8
Rxd8 21. Nf1 Nd5 22. Bd2 Bb5 23. e4 Nc3 24. Bxc3 Bxc3 25. Rd1 Bd4+ 26. Kh1 Bxf1
27. Rxf1 Be3 28. Rd1 Rxd1+ 29. Bxd1 Bxf4 30. g3 Bd6 31. Kg2 Kg7 32. Kf3 Kf6 33.
Kg4 h5+ 34. Kf3 Ke5 35. Ke3 Bc5+ 36. Kd3 Bf2 37. Ke2 Bg1 38. h4 Kxe4 39. Kf1
Bc5 40. g4 hxg4 41. Bxg4 f5 42. Be2 f4 43. Kg2 Ke3 44. Bf3 b6 45. h5 gxh5 46.
Bxh5 Ba3 47. Bf3 a5 48. Bc6 Kd4 49. Kf3 Bd6 50. a4 Kc5 51. Bb5 c6 52. Bc4 b5
53. axb5 cxb5 54. Bf7 a4 55. bxa4 bxa4 56. Ke4 Kb4 57. Kd3 Bc5 58. Bd5 a3 59.
Kc2 Bd4 60. Kb1 Kc3 61. Ka2 Bc5 62. Bc6 Kd3 63. Kb3 Ke3 64. Kc2 f3 65. Bxf3
Kxf3 66. Kb3 Ke3 67. Kc3 Bd6 68. Kc2 Kd4 69. Kb1 Kc3 70. Ka2 Bb4 0-1

[Event "Guernsey Holiday 2011"]
[Site "Guernsey, Channel Islands"]
[Date "2011.10.22"]
[Round "7"]
[White "Goman, Colin"]
[Black "Bennett, David"]
[Result "1/2-1/2"]
[WhiteElo "1631"]
[BlackElo "1352"]
[PlyCount "42"]
[EventDate "2011.10.16"]
[EventType "swiss"]
[EventRounds "7"]
[SourceDate "2011.11.16"]

1. d4 Nf6 2. Nf3 c5 3. e3 e6 4. Bd3 cxd4 5. exd4 Qb6 6. O-O Be7 7. c3 O-O 8.
Qc2 d5 9. Nbd2 Nc6 10. Re1 Qc7 11. c4 Nb4 12. Qb1 Nxd3 13. Qxd3 dxc4 14. Nxc4
b5 15. Nce5 a6 16. Bf4 Nd5 17. Bg3 Nb4 18. Qe2 Qc2 19. a3 Qxe2 20. Rxe2 Nd5 21.
b4 Bb7 1/2-1/2

[Event "Guernsey Holiday 2011"]
[Site "Guernsey, Channel Islands"]
[Date "2011.10.22"]
[Round "7"]
[White "Curry, William"]
[Black "Brookes, Jean Paul"]
[Result "1-0"]
[WhiteElo "1528"]
[BlackElo "1597"]
[PlyCount "111"]
[EventDate "2011.10.16"]
[EventType "swiss"]
[EventRounds "7"]
[SourceDate "2011.11.16"]

1. e4 e6 2. Nf3 d5 3. d3 c5 4. exd5 exd5 5. c3 Nf6 6. h3 Bd6 7. Be3 O-O 8. Be2
Be6 9. O-O h6 10. Nbd2 Qd7 11. Re1 Kh7 12. d4 c4 13. Ne5 Qc7 14. Bf4 Nc6 15. b3
b5 16. b4 a5 17. a3 Ra7 18. Nxc6 Qxc6 19. Bxd6 Qxd6 20. f3 Qf4 21. Nf1 Rfa8 22.
Ra2 axb4 23. Qb1+ Bf5 24. Qxb4 Qg5 25. g4 Bd7 26. Rea1 Nh5 27. Qb1+ Kg8 28. Qe1
f5 29. h4 Qg6 30. Bd1 Re8 31. Re2 Rea8 32. Rg2 Nf4 33. Rg3 Nd3 34. Qd2 f4 35.
Rg2 Rxa3 36. Rxa3 Rxa3 37. Bc2 Kh8 38. Kh2 Qf6 39. g5 Qf5 40. gxh6 Qh3+ 41. Kg1
Qxf3 42. hxg7+ Kg8 43. Bd1 Qh3 44. h5 Ra6 45. Rh2 Qf5 46. Qg2 Ne1 47. Qe2 Qg5+
48. Kh1 Re6 49. Qg4 Qxg7 50. Qxf4 Rf6 51. Qb8+ Kh7 52. Ne3 Bf5 53. Nxf5 Rxf5
54. Be2 Rg5 55. Rf2 Rxh5+ 56. Bxh5 1-0

[Event "Guernsey Holiday 2011"]
[Site "Guernsey, Channel Islands"]
[Date "2011.10.22"]
[Round "7"]
[White "Gibzinski, Stanislaw"]
[Black "Van Beek, Ronald"]
[Result "0-1"]
[WhiteElo "1216"]
[BlackElo "1374"]
[PlyCount "84"]
[EventDate "2011.10.16"]
[EventType "swiss"]
[EventRounds "7"]
[SourceDate "2011.11.16"]

1. c4 Nf6 2. g3 g6 3. Bg2 Bg7 4. Nc3 c6 5. e4 d6 6. Nge2 O-O 7. O-O Na6 8. d4
Nc7 9. Be3 Bd7 10. h4 a5 11. d5 c5 12. Rb1 Qc8 13. Nf4 Ng4 14. Nce2 Na6 15. Nc3
Ne5 16. Qb3 Nb4 17. Nce2 f5 18. Ne6 Bxe6 19. dxe6 Qxe6 20. exf5 Qxf5 21. Bd5+
Nxd5 22. cxd5 Rab8 23. Nf4 Nf3+ 24. Kg2 Nd4 25. Qd3 Qxd3 26. Nxd3 Rf7 27. Nf4
b5 28. b3 b4 29. Ne6 Nxe6 30. dxe6 Rf6 31. Rfe1 Rxe6 32. Bg5 Rxe1 33. Rxe1 Bf6
34. Bxf6 exf6 35. Re6 Kf7 36. Rxd6 c4 37. Rd2 c3 38. Rd7+ Kg8 39. Rc7 Rd8 40.
Rc5 Rd1 41. Rxa5 c2 42. Ra8+ Kg7 0-1

[Event "Guernsey Holiday 2011"]
[Site "Guernsey, Channel Islands"]
[Date "2011.10.22"]
[Round "7"]
[White "Cox, Marian"]
[Black "Brown, Jim"]
[Result "1/2-1/2"]
[WhiteElo "1440"]
[BlackElo "1272"]
[PlyCount "73"]
[EventDate "2011.10.16"]
[EventType "swiss"]
[EventRounds "7"]
[SourceDate "2011.11.16"]

1. e4 c6 2. Nf3 d6 3. d4 Nd7 4. c4 e6 5. Nc3 Be7 6. Bd3 Ngf6 7. Be3 h6 8. Qc2
e5 9. dxe5 Nxe5 10. Nxe5 dxe5 11. O-O O-O 12. f4 Be6 13. Ne2 Ng4 14. Bd2 Bc5+
15. Kh1 Nf2+ 16. Rxf2 Bxf2 17. fxe5 Bg4 18. Bc3 Bxe2 19. Bxe2 Bc5 20. b4 Be7
21. a4 a6 22. Rd1 Qc8 23. c5 Qe6 24. a5 Rad8 25. Bd2 Bg5 26. Bxg5 Rxd1+ 27.
Bxd1 hxg5 28. Qc3 Qd7 29. Bc2 Rd8 30. Qe1 Re8 31. Qa1 Qc7 32. e6 Rxe6 33. g3
Qe5 34. Qd1 Qf6 35. Kg2 Re8 36. Qb1 Qe5 37. h3 1/2-1/2

[Event "Guernsey Holiday 2011"]
[Site "Guernsey, Channel Islands"]
[Date "2011.10.22"]
[Round "7"]
[White "Le Maitre, Richard"]
[Black "Herschmann, Heinz"]
[Result "0-1"]
[WhiteElo "1418"]
[BlackElo "1440"]
[PlyCount "112"]
[EventDate "2011.10.16"]
[EventType "swiss"]
[EventRounds "7"]
[SourceDate "2011.11.16"]

1. Nf3 e6 2. g3 d5 3. d4 Be7 4. Bg2 Nf6 5. Nc3 Nc6 6. Bf4 a6 7. O-O O-O 8. a3
Nh5 9. Bd2 g6 10. e4 dxe4 11. Nxe4 Nxd4 12. Nxd4 Qxd4 13. Bc3 Qxd1 14. Raxd1 f5
15. Nd2 Bf6 16. Bxf6 Nxf6 17. Nc4 Rb8 18. Ne5 b5 19. Nc6 Rb6 20. Rfe1 Bb7 21.
Ne5 Bxg2 22. Kxg2 Rd6 23. f4 Rfd8 24. Rxd6 Rxd6 25. Re2 Ne4 26. Nf3 Kg7 27. c3
Kf6 28. Nd4 c5 29. Nf3 h6 30. h4 Rd3 31. Rc2 c4 32. Re2 g5 33. hxg5+ hxg5 34.
fxg5+ Nxg5 35. Nxg5 Kxg5 36. Rxe6 Rd2+ 37. Kf3 Rxb2 38. Rxa6 Rb3 39. Rb6 Rxc3+
40. Kg2 Rxa3 41. Rxb5 Kg4 42. Rb4 Rxg3+ 43. Kf2 Rc3 44. Ke2 f4 45. Kd2 Rd3+ 46.
Kc2 Kg3 47. Rxc4 Rd8 48. Re4 f3 49. Re7 f2 50. Rg7+ Kf3 51. Rf7+ Ke2 52. Re7+
Kf1 53. Rf7 Re8 54. Kd2 Rd8+ 55. Ke3 Re8+ 56. Kf3 Ke1 0-1